000 00417nam a2200181Ia 4500
001 20239
005 20260306172751.0
008 260306t2011||||xx |||||||||||||| ||spa||
041 _aESP
082 _a343
_bS724
100 _aSchmitt, Carl
_eAUT
245 0 _aTeoría de la constitución
260 _c2011
300 _a494 páginas :
_c23 cm.
650 _aGEN
654 _aCDE
942 _cLIB
_dJUS
_fJUS
_2ddc
_n
999 _c20239
_d20239